Histoire du sionisme

Αποθηκεύτηκε σε:
Λεπτομέρειες βιβλιογραφικής εγγραφής
Κύριος συγγραφέας: Laqueur, Walter, 1921-2018
Άλλοι συγγραφείς: Carriere, Michel (Μεταφραστής)
Μορφή: Βιβλίο
Γλώσσα:French
English
Δημοσίευση: Saint Amand : Gallimard, 1994.
Σειρά:Collection Tel ; 243
Θέματα:
Ετικέτες: Προσθήκη ετικέτας
Δεν υπάρχουν, Καταχωρήστε ετικέτα πρώτοι!

MARC

LEADER 00000cam a2200000 i 4500
001 1/6730
008 960715s1994 fr | ||| |||| ||fre||
020 |a 2070732525 
035 |l 10016457 
040 |a GR-MyUA  |b gre  |e AACR2 
041 1 |a fre  |h eng 
082 0 |a 956.94001 
100 1 |a Laqueur, Walter,   |d 1921-2018. 
245 1 0 |a Histoire du sionisme /   |c Walter Laqueur ; traduit de l'anglais par Michel Carriere.  
260 |a Saint Amand :   |b Gallimard,   |c 1994.  
300 |a 493 σ. :   |b χάρτες ;  
490 1 |a (Collection Tel   |v ; 243)  
500 |a Τίτλος πρωτοτύπου: A history of zionism.  
650 0 0 |a Zionism  |x History. 
700 1 |a Carriere, Michel,  |e trl 
830 0 |a Collection Tel ;  |v  243 
852 |a INST  |b LESVOS  |e 19960715  |h 956.94001 LAQ  |p 005100009600  |q 005100009600  |t BK  |y 0  |z v.1 
852 |a INST  |b LESVOS  |e 19960715  |h 956.94001 LAQ  |p 005100009600  |q 005100009600  |t BK  |v v.1:  |y 0  |z v.1 
853 |a INST  |b LESVOS  |h 956.94001 LAQ 
909 |a Λ  |b 044329 
922 |a 1ΔΩΡ  |b 199602  |c TKA